Jurnal pengurusan pendidikan : (Record no. 56742)

MARC details
000 -LEADER
fixed length control field 00751nam a2200253 i 4500
001 - CONTROL NUMBER
control field C2-0241845
003 - CONTROL NUMBER IDENTIFIER
control field PPAK
005 - DATE AND TIME OF LATEST TRANSACTION
control field 20180727204047.0
008 - FIXED-LENGTH DATA ELEMENTS--GENERAL INFORMATION
fixed length control field 020818s1991 my a|||| ||||| | may d
022 ## - INTERNATIONAL STANDARD SERIAL NUMBER
International Standard Serial Number 0128-2832
040 ## - CATALOGING SOURCE
Original cataloging agency PPAK
Language of cataloging eng
Transcribing agency PPAK
Description conventions rda
082 04 - DEWEY DECIMAL CLASSIFICATION NUMBER
Classification number 370.5
Edition number 23
090 00 - LOCALLY ASSIGNED LC-TYPE CALL NUMBER (OCLC); LOCAL CALL NUMBER (RLIN)
Classification number (OCLC) (R) ; Classification number, CALL (RLIN) (NR) 370.5
Feature heading JUR
Feature heading KAM
Classification number (OCLC) (R) ; Classification number, CALL (RLIN) (NR) 370.5
Feature heading JUR
Feature heading KK
245 00 - TITLE STATEMENT
Title Jurnal pengurusan pendidikan :
Remainder of title Institut Aminuddin Baki Kementerian Pendidikan Malaysia
264 #1 - PRODUCTION, PUBLICATION, DISTRIBUTION, MANUFACTURE, AND COPYRIGHT NOTICE
Place of production, publication, distribution, manufacture Pahang :
Name of producer, publisher, distributor, manufacturer Institut Aminuddin Baki ,
Date of production, publication, distribution, manufacture, or copyright notice 1991
300 ## - PHYSICAL DESCRIPTION
Extent 51 pages :
Other physical details colour illustrations ;
Dimensions 25 cm
336 ## - CONTENT TYPE
Source rdacontent
Content type term text
337 ## - MEDIA TYPE
Source rdamedia
Media type term unmediated
338 ## - CARRIER TYPE
Source rdacarrier
Carrier type term volume
500 ## - GENERAL NOTE
General note Jil. 2, Bil. 1
650 10 - SUBJECT ADDED ENTRY--TOPICAL TERM
Topical term or geographic name entry element Educational publishing
942 ## - ADDED ENTRY ELEMENTS (KOHA)
-- dc
Koha item type Book
Holdings
Withdrawn Not for loan Current library Shelving location Date acquired Full call number Barcode Date last seen Koha item type
  Not For Loan Perpustakaan Alor Setar Koleksi Kedah 27/05/2006 KK 370.5 JUR A00157891 08/05/2018 Book
  Not For Loan Perpustakaan Kulim Koleksi Ahmad Mokhtar 18/08/2002 KAM 370.5 JUR A00860707 08/05/2018 Book
  Not For Loan Perpustakaan Kulim Koleksi Ahmad Mokhtar 02/03/2004 KAM 370.5 JUR A00860673 08/05/2018 Book